000 00324nam a2200145Ia 4500
008 230605s2000 xx 000 0 und d
041 _aeng
100 _aJane Fellows
245 _aHouse -Keeping Supervision
260 _bPitman
_c2000
300 _a199p
520 _aGeneral
520 _aHard Board
650 _aH.K.
999 _c419781
_d419781